[Event "Bundesliga 9900"]
[Site "Germany"]
[Date "2000.01.30"]
[Round "9.4"]
[White "Gallagher, Joseph G"]
[Black "Gisbrecht, Ewgeni"]
[Result "1-0"]
[WhiteElo "2558"]
[BlackElo "2422"]
[PlyCount "67"]
[EventDate "1999.10.09"]
[EventType "team-tourn"]
[EventRounds "15"]
[EventCountry "GER"]
[SourceTitle "CBM 074 Extra"]
[Source "ChessBase"]
[SourceDate "2000.03.10"]
[SourceVersion "2"]
[SourceVersionDate "2000.03.10"]
[SourceQuality "1"]
[WhiteTeam "Castrop Rauxel"]
[BlackTeam "Delmenhorst"]
[WhiteTeamCountry "GER"]
[BlackTeamCountry "GER"]

1. e4 c5 2. Nf3 Nf6 3. e5 Nd5 4. Nc3 Nxc3 5. dxc3 Nc6 6. Bf4 e6 7. Qe2 h6 8. 0-0-0 Qc7 9. Nd2 b6 10. Qe3 Ne7 11. Nc4 Nf5 12. Qh3 Ba6 13. Nd6+ Nxd6 14. Bxa6 Nf5 15. Qf3 Rd8 16. Bb5 Be7 17. Rxd7 Rxd7 18. Rd1 Nd4 19. Qa8+ Bd8 20. cxd4 0-0 21. Bxd7 Qxd7 22. dxc5 Qa4 23. Rxd8 Qxf4+ 24. Kd1 Rxd8+ 25. Qxd8+ Kh7 26. c6 Qxf2 27. c7 Qf1+ 28. Kd2 Qxg2+ 29. Ke3 Qg1+ 30. Kd3 Qd1+ 31. Kc3 Qe1+ 32. Kb3 a5 33. a3 a4+ 34. Ka2 1-0

[Event "Bundesliga 9900"]
[Site "Germany"]
[Date "1999.12.12"]
[Round "6.6"]
[White "Andersson, Ulf"]
[Black "Gisbrecht, Ewgeni"]
[Result "1-0"]
[WhiteElo "2623"]
[BlackElo "2422"]
[PlyCount "121"]
[EventDate "1999.10.09"]
[EventType "team-tourn"]
[EventRounds "15"]
[EventCountry "GER"]
[SourceTitle "CBM 073 Extra"]
[Source "ChessBase"]
[SourceDate "2000.01.11"]
[SourceVersion "1"]
[SourceVersionDate "2000.01.11"]
[SourceQuality "1"]
[WhiteTeam "Koeln Porz"]
[BlackTeam "Delmenhorst"]
[WhiteTeamCountry "GER"]
[BlackTeamCountry "GER"]

1. Nf3 d5 2. d4 c6 3. c4 Nf6 4. e3 a6 5. Bd3 e6 6. Nbd2 Nbd7 7. b3 b6 8. 0-0 Be7 9. Qe2 Bb7 10. Bb2 0-0 11. Rad1 dxc4 12. Nxc4 b5 13. Nce5 Nxe5 14. Nxe5 Qb6 15. Bb1 Rfd8 16. Nd3 g6 17. Rc1 Nd7 18. b4 a5 19. a3 Rdc8 20. Rfd1 Qd8 21. Bc2 Qf8 22. Nc5 Nxc5 23. dxc5 Rd8 24. Bb3 Rxd1+ 25. Rxd1 Rd8 26. Rd3 a4 27. Bc2 Bc8 28. f4 Rxd3 29. Bxd3 Bd7 30. Be4 Qd8 31. Qd2 Be8 32. Qc3 f6 33. Kf2 Kf7 34. g4 Bf8 35. Bf3 Be7 36. h4 Bf8 37. Ke2 Be7 38. Qc1 Qd7 39. Qc2 Qd8 40. h5 Kg8 41. hxg6 hxg6 42. Be4 f5 43. Bg2 Bf6 44. g5 Bxb2 45. Qxb2 Qd7 46. Qe5 Kf7 47. Bf3 Qd8 48. e4 Qd7 49. Qa1 Kg8 50. Qf6 Qf7 51. Qxf7+ Kxf7 52. Ke3 Ke7 53. Kd4 Bd7 54. Ke5 Be8 55. Be2 Bd7 56. Bd3 Bc8 57. Bc2 Bd7 58. Bb1 Bc8 59. Ba2 Bd7 60. exf5 exf5 61. Bg8 1-0

[Event "Bundesliga 9900"]
[Site "Germany"]
[Date "1999.10.09"]
[Round "1.4"]
[White "Gisbrecht, Ewgeni"]
[Black "Baklan, Vladimir"]
[Result "1/2-1/2"]
[WhiteElo "2422"]
[BlackElo "2591"]
[PlyCount "86"]
[EventDate "1999.10.09"]
[EventType "team-tourn"]
[EventRounds "15"]
[EventCountry "GER"]
[SourceTitle "EXT 2000"]
[Source "ChessBase"]
[SourceDate "1999.11.16"]
[SourceVersion "1"]
[SourceVersionDate "1999.11.16"]
[SourceQuality "1"]
[WhiteTeam "Delmenhorst"]
[BlackTeam "Magdeburg"]
[WhiteTeamCountry "GER"]
[BlackTeamCountry "GER"]

1. Nf3 c5 2. c4 Nc6 3. g3 Nf6 4. Nc3 d6 5. Bg2 g6 6. d4 cxd4 7. Nxd4 Bd7 8. 0-0 Bg7 9. b3 0-0 10. Bb2 Qa5 11. e3 Rfc8 12. Qd2 Rab8 13. Rfd1 a6 14. Nd5 Qxd2 15. Nxf6+ Bxf6 16. Rxd2 Kg7 17. Rc1 h5 18. c5 dxc5 19. Nxc6 Bxc6 20. Bxf6+ Kxf6 21. Rxc5 Bxg2 22. Rxc8 Rxc8 23. Kxg2 b5 24. Rd4 Rc3 25. Kf3 Ke6 26. h3 a5 27. Ke2 Rc1 28. Rd1 Rc8 29. Rd4 g5 30. Kd2 f5 31. f3 b4 32. a3 bxa3 33. Ra4 Rc5 34. Rxa3 Kd5 35. Ra4 e5 36. e4+ fxe4 37. Rxe4 Rb5 38. Kc3 Rc5+ 39. Kd2 Rb5 40. Kc3 Rb4 41. Rxb4 axb4+ 42. Kd3 Ke6 43. Ke3 Kd5 1/2-1/2

[Event "Bundesliga 9899"]
[Site "Germany"]
[Date "1999.03.21"]
[Round "13.3"]
[White "Bunzmann, Dimitrij"]
[Black "Gisbrecht, Ewgeni"]
[Result "0-1"]
[WhiteElo "2555"]
[BlackElo "2405"]
[PlyCount "80"]
[EventDate "1998.10.17"]
[EventType "team-tourn"]
[EventRounds "15"]
[EventCountry "GER"]
[SourceTitle "GER-chT"]
[Source "ChessBase"]
[SourceDate "1999.07.01"]
[SourceVersion "1"]
[SourceVersionDate "1999.07.01"]
[SourceQuality "1"]
[WhiteTeam "Neukoelln"]
[BlackTeam "Delmenhorst"]
[WhiteTeamCountry "GER"]
[BlackTeamCountry "GER"]

1. c4 c6 2. Nc3 d5 3. d4 Nf6 4. cxd5 cxd5 5. Bf4 e6 6. e3 a6 7. Bd3 Bd6 8. Bxd6 Qxd6 9. f4 b5 10. Nf3 Bb7 11. 0-0 0-0 12. Qe1 Ne4 13. Qh4 f6 14. Nd2 f5 15. Nb3 Nd7 16. Na5 Rab8 17. Rfc1 Ba8 18. Qe1 Rfc8 19. a4 b4 20. Na2 Rxc1 21. Nxc1 Ndf6 22. Ncb3 g5 23. Qf1 Ng4 24. Qf3 Rc8 25. Rf1 h6 26. Qe2 Rc7 27. Rf3 Bc6 28. Nxc6 Qxc6 29. fxg5 hxg5 30. h3 Ngf6 31. g4 Qxa4 32. Nc5 Nxc5 33. dxc5 Rxc5 34. gxf5 e5 35. Qg2 Qd1+ 36. Kh2 Kf7 37. Be2 Qd2 38. Rg3 Rc2 39. Bf1 Qc1 40. Be2 Qxb2 0-1